Chemical abstract (Record no. 95685)
[ view plain ]
| 000 -LEADER | |
|---|---|
| fixed length control field | nam a22 7a 4500 |
| 005 - DATE AND TIME OF LATEST TRANSACTION | |
| control field | 20180608102029.0 |
| 008 - FIXED-LENGTH DATA ELEMENTS--GENERAL INFORMATION | |
| fixed length control field | 180608b ||||| |||| 00| 0 eng d |
| 080 ## - UNIVERSAL DECIMAL CLASSIFICATION NUMBER | |
| Universal Decimal Classification number | 54(048.1)(05) |
| Item number | CHE.21/3 |
| 110 ## - MAIN ENTRY--CORPORATE NAME | |
| Corporate name or jurisdiction name as entry element | American chemical society |
| 245 ## - TITLE STATEMENT | |
| Title | Chemical abstract |
| 260 ## - PUBLICATION, DISTRIBUTION, ETC. (IMPRINT) | |
| Place of publication, distribution, etc | Ohio |
| Name of publisher, distributor, etc | American Chemical Society |
| Date of publication, distribution, etc | 1986 |
| 300 ## - PHYSICAL DESCRIPTION | |
| Extent | p. |
| 490 ## - SERIES STATEMENT | |
| Volume number/sequential designation | Vol.21 |
| 653 ## - INDEX TERM--UNCONTROLLED | |
| Uncontrolled term | Chemistry - Journal |
| 710 ## - ADDED ENTRY--CORPORATE NAME | |
| Corporate name or jurisdiction name as entry element | American chemical society |
| 942 ## - ADDED ENTRY ELEMENTS (KOHA) | |
| item type | Bound Volumes |
| Lost status | Source of classification or shelving scheme | Not for loan | Home library | Current library | Date acquired | Total Checkouts | Full call number | Barcode | Date last seen | Price effective from | Koha item type |
|---|---|---|---|---|---|---|---|---|---|---|---|
| Universal Decimal Classification | Not For Loan | University Library | University Library | 08/06/2018 | 54(048.1)(05) CHE.21/3 | 00034943 | 08/06/2018 | 08/06/2018 | Bound Volumes |
